00982nam a22002057a 4500003000900000008004100009020001500050040007100065082002000136100001900156245003700175260004800212300002600260505037800286650002300664650001600687650002300703650002200726650002800748AR-CdUCM190227b ||||| |||| 00| 0 spa d a9686599533 aMUNICIPALIDAD PROVINCIAL DEL CUSCOcBIBLIOTECA MUNICIPAL DEL CUSCO a122.21 / bH682 aHobbes, Thomas aLeviatán /bCiencia Politica : aMéxico, D.F : bEdiciones Gernika,c1994. a377 paginas ;c17 cm. at1 : De las sensaciones -- Del lenguaje -- Dela razón y la ciencia -- De las virtudes comúnmente llamadas intelectuales, y de su defectos opuestos -- De la religión. t2 :De un Estado Cristiano -- Del significado de Espíritu, Ángel, e inspiración -- De la significación de la vida eterna, infierno, salvación, mundo venidero y redención en la escritura...  aCiencia y religion aFilosofía aCiencia política aIglesia y Estado. aLa razón y la ciencia